000 00511nam a22001695i 4500
001 171843
003 ES-MaACL
005 20230906214738.0
008 090603s1971 sp |||| | spa d
080 _a615.83(075.8)
100 1 _aSolsona, Fernando.
_9107252
245 1 0 _aIntroducción a la terapéutica física /
_cFernando Solsona.
260 _aValladolid :
_bFernando Solsona,
_c[1971]
300 _a78 p. :
_bil. ;
_c24 cm.
650 1 4 _aFisioterapia.
_9140466
852 _aES-MaACL
_jC-43053
_9R.80484
999 _c171843
_d171843